000 00840nam a22002657a 4500
001 BR6006229
003 BR-BrBNA
005 20230928083241.0
007 ta
008 230509b bl.||||| |||| 00| 0 por d
040 _aBR-BrBNA
_bpor
_cBiblioteca Nacional de Agricultura
041 _a(Por)
072 _aE10; E50
090 _ E10 BR6006229
100 1 _aBonte-Friedheim, C.
110 1 _aAssociacao Internacional de Economistas Agricolas, Sao Paulo, SP (Brasil)
_9635
111 1 _a15. Congresso Internacional de Economistas Agricolas
_cSao Paulo, SP (Brazil)
_d20 Aug 1973
245 1 _aMetodos alternativos de programa de tomada de decisoes
260 3 _aSao Paulo, SP (Brasil):
_c1973.
300 _a14 p.
650 _aMacroeconomia
650 _aSociologia rural
909 _a202309
_bLucia
_c55
_dLucia Elande
942 _cBK
999 _c12396
_d12396